000 00279nam a22001217a 4500
008 170418b xxu||||| |||| 00| 0 eng d
041 _aeng
080 _a579
100 _a11
101 _aSHM
245 _aMICROBIOLOGY WITH DISEASES TAXONOMY
_cBAUMAN.R
942 _2udc
_cBK
999 _c10989
_d10989